Expectativas racionales y política monetaria / (Record no. 144404)

MARC details
000 -LEADER
campo de control de longitud fija 00688nam a2200229 4500
001 - NÚMERO DE CONTROL
campo de control 144404
003 - IDENTIFICADOR DE NÚMERO DE CONTROL
campo de control ES-MaACL
005 - FECHA Y HORA DE LA ÚLTIMA TRANSACCIÓN
campo de control 20230906201017.0
007 - CAMPO FIJO DE DESCRIPCIÓN FÍSICA--INFORMACIÓN GENERAL
campo de control de longitud fija t|
008 - DATOS DE LONGITUD FIJA--INFORMACIÓN GENERAL
campo de control de longitud fija 070214s1983 sp r ||||1| spa d
020 ## - NÚMERO INTERNACIONAL ESTÁNDAR DEL LIBRO
Número Internacional Estándar del Libro 84-316-2179-6
100 1# - ENTRADA PRINCIPAL--NOMBRE DE PERSONA
Nombre de persona Sijben, J. J.
9 (RLIN) 106324
245 10 - MENCIÓN DEL TÍTULO
Título Expectativas racionales y política monetaria /
Mención de responsabilidad, etc. J. J. Sijben ; traducción de Marta Condominas.
250 ## - MENCION DE EDICION
Mención de edición 1ª. ed.
260 ## - PUBLICACIÓN, DISTRIBUCIÓN, ETC.
Lugar de publicación, distribución, etc. Barcelona :
Nombre del editor, distribuidor, etc. Vicens-Vives,
Fecha de publicación, distribución, etc. 1983.
300 ## - DESCRIPCIÓN FÍSICA
Extensión VII, 135 p. ;
Dimensiones 22 cm.
490 1# - MENCIÓN DE SERIE
Mención de serie Vicens universidad
700 1# - ENTRADA AGREGADA--NOMBRE PERSONAL
Nombre de persona Condominas, Marta.
9 (RLIN) 40143
830 0# - PUNTO DE ACCESO ADICIONAL DE SERIE-TÍTULO UNIFORME
Título uniforme Vicens universidad
9 (RLIN) 187337
852 ## - LOCALIZACIÓN
Ubicación ES-MaACL
Número de control de estantería L-11656
Sublocalización o colección R.113298
Holdings
Estatus retirado Estado de pérdida Estado de daño No para préstamo Biblioteca de origen Biblioteca actual Ubicación en estantería Fecha de adquisición Fuente de adquisición Total de préstamos Signatura topográfica completa Código de barras Visto por última vez Precio de reemplazo Tipo de ítem Koha
        Biblioteca del Ateneo de Madrid Biblioteca del Ateneo de Madrid Depósito 2 17/01/2008     L-11656 1150244 23/02/2023 23/02/2023 Libro impreso